Eastern Utah Libraries Catalog: Duchesne, Heber, Roosevelt, & Vernal

The wild Christmas reindeer / (Record no. 16635)

MARC details
000 -LEADER
fixed length control field 01055cam a2200313 a 4500
003 - CONTROL NUMBER IDENTIFIER
control field CStRLIN
005 - DATE AND TIME OF LATEST TRANSACTION
control field 20241220110834.0
008 - FIXED-LENGTH DATA ELEMENTS--GENERAL INFORMATION
fixed length control field 901113s1990 nyua j 000 1 eng
001 - CONTROL NUMBER
control field CNSG90-B10124
010 ## - LIBRARY OF CONGRESS CONTROL NUMBER
LC control number 89036095
020 ## - INTERNATIONAL STANDARD BOOK NUMBER
International Standard Book Number 0399221921 (lib. bdg.)
035 ## - SYSTEM CONTROL NUMBER
System control number (Sirsi) i9780399221927
040 ## - CATALOGING SOURCE
Original cataloging agency DLC
Transcribing agency DLC
Modifying agency DLC
050 00 - LIBRARY OF CONGRESS CALL NUMBER
Classification number PZ7.B7559
Item number Wi 1990
082 00 - DEWEY DECIMAL CLASSIFICATION NUMBER
Classification number [E]
Edition number 20
082 ## - DEWEY DECIMAL CLASSIFICATION NUMBER
Classification number BRETT
092 ## - LOCALLY ASSIGNED DEWEY CALL NUMBER (OCLC)
Classification number BRETT
100 1# - MAIN ENTRY--PERSONAL NAME
Personal name Brett, Jan,
Dates associated with a name 1949-
9 (RLIN) 4390
245 14 - TITLE STATEMENT
Title The wild Christmas reindeer /
Statement of responsibility, etc written and illustrated by Jan Brett.
260 ## - PUBLICATION, DISTRIBUTION, ETC. (IMPRINT)
Place of publication, distribution, etc New York :
Name of publisher, distributor, etc Putnam,
Date of publication, distribution, etc c1990.
300 ## - PHYSICAL DESCRIPTION
Extent [32] p. :
Other physical details col. ill. ;
Dimensions 26 x 27 cm.
520 ## - SUMMARY, ETC.
Summary, etc After a few false starts, Teeka discovers the best way to get Santa's reindeer ready for Christmas Eve.
650 #0 - SUBJECT ADDED ENTRY--TOPICAL TERM
Topical term or geographic name as entry element Reindeer
Form subdivision Fiction.
9 (RLIN) 5691373
650 #0 - SUBJECT ADDED ENTRY--TOPICAL TERM
Topical term or geographic name as entry element Christmas stories.
9 (RLIN) 6113134
942 ## - ADDED ENTRY ELEMENTS (KOHA)
Koha item type BOOK
979 ## -
-- 338427
998 ## - LOCAL CONTROL INFORMATION (RLIN)
-- a33335
Holdings
Withdrawn status Lost status Source of classification or shelving scheme Damaged status Not for loan Collection code Home library Current library Shelving location Date acquired Source of acquisition Cost, normal purchase price Total Checkouts Total Renewals Full call number Barcode Date last seen Date checked out Cost, replacement price Price effective from Koha item type
    Dewey Decimal Classification     Children Holiday Books Wasatch County Library Wasatch County Library Main Floor Childrens Area 12/02/2019   18.99 15 9 E Christmas Brett 34301001651332 01/02/2026 12/17/2025 18.99 03/20/2020 BOOK
    Dewey Decimal Classification     Children Holiday Books Wasatch County Library Wasatch County Library Main Floor Childrens Area 12/19/2022 Amazon   8 5 E Christmas Brett 34301001852252 12/30/2025 12/23/2025 18.99 12/19/2022 BOOK
    Dewey Decimal Classification     Children Holiday Books Wasatch County Library Wasatch County Library Main Floor Childrens Area 12/19/2022 Amazon   7 6 E Christmas Brett 34301001852302 12/19/2025 11/12/2025 18.99 12/19/2022 BOOK
This project was made possible through a grant from the Institute of Museum and Library Service administered by the Utah State Library Division.

Wasatch County Library

  • 465 East 1200 South, Heber City, Utah 84032
  • Phone 435-654-1511 | Fax 435-654-6456

Hours

  • Monday - Friday 9:30 AM - 8:00 PM
  • Saturday 9:30 AM - 1:30 PM
  • Closed Sundays and Holidays